存在しないナンバープレート(サドンデス) - Statistics

General Stats
  • This quiz has been taken 218 times
  • The average score is 8 of 35
Answers on the Grid
Answers color-coded by a green-red scale on the quiz's grid according to % correct below.
小樽
北見
千歳
室蘭
苫小牧
弘前
岩手
北上
平泉
石巻
鶴岡
米沢
いわき
白河
茨城
とちぎ
日光
那須
前橋
浦和
越谷
松戸
成田
新宿
板橋
立川
多磨
府中
相模原
横須賀
甲府
長岡
上越
諏訪
飯田
石川
飛騨高山
沼津
伊豆
春日井
常滑
伊勢志摩
松阪
大津
舞鶴
和泉
摂津
尼崎
宝塚
倉吉
松江
出雲
瀬戸内
倉敷
下関
高松
松山
今治
筑豊
唐津
佐世保
雲仙
阿蘇
大隅
奄美
那覇
 
Answer Stats
Answer % Correct
小樽
65%
千歳
54%
北上
40%
鶴岡
37%
石巻
34%
米沢
32%
雲仙
26%
茨城
25%
浦和
25%
大隅
25%
宝塚
23%
立川
22%
飛騨高山
22%
新宿
20%
常滑
20%
唐津
20%
舞鶴
18%
尼崎
18%
倉吉
18%
松阪
16%
摂津
16%
瀬戸内
16%
阿蘇
16%
府中
15%
大津
15%
15%
今治
15%
相模原
13%
飯田
13%
松江
12%
横須賀
10%
那覇
10%
日光
8%
甲府
8%
松山
8%
No matching quizzes found
Score Distribution
Percent of People with Each Score
Percentile by Number Answered
Your Score History
You have not taken this quiz